| 000 | nam a22 7a 4500 | ||
|---|---|---|---|
| 999 |
_c127002 _d127002 |
||
| 008 | 170929b xxu||||| |||| 00| 0 eng d | ||
| 050 | _aPR9408.M87 D3 R4 | ||
| 100 |
_aDau, Alex _936633 |
||
| 245 |
_aReclusos do tempo _cAlex Dau |
||
| 250 | _a2nd. ed. | ||
| 260 |
_aMaputo _bOledae editores _c2017 |
||
| 300 |
_a87p. ; _c21cm. |
||
| 942 |
_2lcc _cMONOGRAPH |
||